| 000 | 00581cam a2200181 a 4500 | ||
|---|---|---|---|
| 001 | 000014508 | ||
| 005 | 20200929163849.0 | ||
| 008 | 020318s2001 mx a b 000 0 spa | ||
| 020 | _a9701864875 | ||
| 040 |
_aDO-SdBNP _bspa _cBNPHU |
||
| 082 |
_ann _bA325 |
||
| 100 | 1 |
_aAlba, Francisco, _d1918-1976. _932760 |
|
| 245 | 1 | 4 |
_aLas migraciones internacionales / _cFrancisco Alba. |
| 260 |
_aMéxico : _bConsejo Nacional para la Cultura y las Artes, _c2001. |
||
| 300 |
_a63 p. : _bil. ; _c19 cm. |
||
| 490 | 1 | _aTercer milenio | |
| 504 | _aIncluye referencias bibliográfica. (p. 60-61). | ||
| 999 |
_c14097 _d14097 |
||